000 00745cab a2200229 4500
001 WB2717-41
008 090401t1991 xxu||||| |||| 00| 0 eng d
035 _a(Sirsi) u64977
041 _aeng
245 _aUndesirable practice
260 _c1991
350 _a0
490 _aChartered Surveyor Weekly
_vvol 35 no 5 2/5/91 p60
520 _aUpdate on the provision of the Estate Agents (Undesirable Practices) Order 1991 , due to come into force on 29 July.
650 _aDISCLOSURE OF PERSONAL INTEREST
650 _aESTATE AGENTS ACT 1979
650 _aESTATE AGENTS UNDESIRABLE PRACTICES ORDER 1991
650 _aSERVICES
690 _aMANAGEMENT-BUSINESS MANAGEMENT-PROFESSIONAL PRACTICE
942 _n0
948 _c04/03/1997
999 _c40491
_d40491